000 00644cab a2200193 4500
001 WB2611-27
008 090401t1990 xxu||||| |||| 00| 0 eng d
035 _a(Sirsi) u9770
041 _aeng
245 _aFunding for mining areas
260 _c1990
350 _a0
490 _aPlanning (for the Natural and Built Environment)
_vno 859 9/3/90 p6
520 _aThe European Commission will be considering the DTI`s list of areas in the UK affected by recession in coal mining and eligible for financial aid from the European RECHAR programme.
650 _aFUNDING
690 _aMINING AND MINERALS
942 _n0
948 _c04/03/1997
999 _c6143
_d6143